|
|
|
|
| LEADER |
01070nam a22002777a 4500 |
| 001 |
37870 |
| 003 |
BD-DhAAL |
| 005 |
20220301130101.0 |
| 008 |
220301t1990 xxca b 001 0 eng d |
| 999 |
|
|
|c 43625
|d 43625
|
| 020 |
|
|
|a 0773050248
|
| 040 |
|
|
|a BD-DhAAL
|
| 082 |
0 |
0 |
|a 375.001
|2 19
|
| 100 |
1 |
|
|a Miller, John P.,
|d 1943-
|9 46268
|
| 245 |
1 |
0 |
|a Curriculum, perspectives and practice /
|c John P. Miller, Wayne Seller.
|
| 260 |
|
|
|a Toronto :
|b Copp Clark Pitman,
|c c1990.
|
| 300 |
|
|
|a xii, 356 pages :
|b illustrations ;
|c 24 cm.
|
| 504 |
|
|
|a Includes bibliographical references and index.
|
| 526 |
|
|
|a BIED
|
| 541 |
|
|
|a Complimentary copy from BIED
|e 37870
|
| 650 |
|
0 |
|a Curriculum planning.
|9 46269
|
| 650 |
|
0 |
|a Curriculum evaluation.
|9 46270
|
| 700 |
1 |
|
|a Seller, Wayne.
|9 46271
|
| 852 |
|
|
|a Ayesha Abed Library
|c BIED Collection
|
| 942 |
|
|
|2 ddc
|c BK
|
| 952 |
|
|
|0 0
|1 0
|2 ddc
|4 0
|6 375_001000000000000_MIL
|7 0
|9 69946
|a BRACUL
|b BRACUL
|c GEN
|d 2022-03-01
|e Complimentary copy from BIED
|l 0
|o 375.001 MIL
|p 3010037870
|r 2022-03-01
|t 1
|w 2022-03-01
|y BK
|x Transferred from BIED to General Stacks
|